Dead Famous / (Record no. 5298)
[ view plain ]
| 000 -LEADER | |
|---|---|
| fixed length control field | 01398nam a22002777a 4500 |
| 001 - CONTROL NUMBER | |
| control field | 5298 |
| 003 - CONTROL NUMBER IDENTIFIER | |
| control field | FISKH |
| 005 - DATE AND TIME OF LATEST TRANSACTION | |
| control field | 20241125102634.0 |
| 008 - FIXED-LENGTH DATA ELEMENTS--GENERAL INFORMATION | |
| fixed length control field | 241125b cb ||||| |||| 00| 0 eng d |
| 020 ## - INTERNATIONAL STANDARD BOOK NUMBER | |
| International Standard Book Number | 9780593048054 |
| 040 ## - CATALOGING SOURCE | |
| Original cataloging agency | FISKH |
| Language of cataloging | eng |
| Transcribing agency | FISKH |
| Modifying agency | FISKH |
| 050 ## - LIBRARY OF CONGRESS CALL NUMBER | |
| Classification number | PR6055.L79 |
| 082 ## - DEWEY DECIMAL CLASSIFICATION NUMBER | |
| Classification number | 813 |
| 100 ## - MAIN ENTRY--PERSONAL NAME | |
| Personal name | Elton, Ben |
| 245 ## - TITLE STATEMENT | |
| Title | Dead Famous / |
| Statement of responsibility, etc. | by Ben Elton |
| 260 ## - PUBLICATION, DISTRIBUTION, ETC. | |
| Place of publication, distribution, etc. | London : |
| Name of publisher, distributor, etc. | Bantam Press : |
| Date of publication, distribution, etc. | 2001 . |
| 300 ## - PHYSICAL DESCRIPTION | |
| Extent | 339 pages : |
| Other physical details | illustrations ; |
| Dimensions | 20 cm . |
| 505 ## - FORMATTED CONTENTS NOTE | |
| Formatted contents note | Z <br/> |
| 520 ## - SUMMARY, ETC. | |
| Summary, etc. | One house. Ten contestants. Thirty cameras. Forty microphones. Yet again the public gorges its voyeuristic appetite as another group of unknown and unremarkable people submit themselves to the brutal exposure of the televised real-life soap opera, House Arrest. Everybody knows the rules: total strangers are forced to live together while the rest of the country watches them do it. Who will crack first? Who will have sex and with whom? Who will the public love and who will they hate? All the usual questions. And then, suddenly, there are some new ones. Who is the murderer? How did he or she manage to kill under the constant gaze of the thirty television cameras? Why did they do it? And who will be next? |
| 521 8# - TARGET AUDIENCE NOTE | |
| Target audience note | 900 <br/> |
| Source | Lexile <br/> |
| 521 8# - TARGET AUDIENCE NOTE | |
| Target audience note | Z <br/> |
| Source | Raz-Plus <br/> |
| 650 ## - SUBJECT ADDED ENTRY--TOPICAL TERM | |
| Topical term or geographic name entry element | reality tv |
| Form subdivision | Fiction |
| 650 ## - SUBJECT ADDED ENTRY--TOPICAL TERM | |
| Topical term or geographic name entry element | satire |
| Form subdivision | Fiction |
| 942 ## - ADDED ENTRY ELEMENTS (KOHA) | |
| Source of classification or shelving scheme | Dewey Decimal Classification |
| Koha item type | Books |
| Suppress in OPAC | No |
| Withdrawn status | Lost status | Source of classification or shelving scheme | Damaged status | Not for loan | Collection | Home library | Current library | Shelving location | Date acquired | Total Checkouts | Full call number | Barcode | Date last seen | Price effective from | Koha item type |
|---|---|---|---|---|---|---|---|---|---|---|---|---|---|---|---|
| Dewey Decimal Classification | Fiction | Footprints International School Library Network Toul Kork Campus | Footprints International School Library Network Toul Kork Campus | TTP Secondary Fiction Bookshelves | 11/25/2024 | ELT 813 PR6055.L79 | FISSE03391 | 11/25/2024 | 11/25/2024 | Books |
